000 00898nam a22002297a 4500
003 BUBTL
008 240308b ||||| |||| 00| 0 eng d
020 _a9847021500529
041 _aBangla to English
082 _21st ed.
_a343.057/ P2811s/ 2008
100 _aপাল, নির্মল চন্দ্র
_95280
245 _aস্ট্যাম্প আইন (The Stamp Act, 1899)/
_bনির্মল চন্দ্র পাল, এড. মাসুদুজ্জামান (মির্জা মাসুদ)
250 _a1st ed.
260 _aDhaka
_bShams Publications
_cc2008
300 _a[20], 252 p. :
_bill. ; 21 cm.
526 _aLaw
650 0 _95724
_aLaw
700 _95753
_aএড. মাসুদুজ্জামান (মির্জা মাসুদ)
856 _k0
_l0
_yDownload
942 _2ddc
_cBK
999 _c7250
_d7250